[Event "Marburg op-B"]
[Site "Marburg"]
[Date "2023.10.28"]
[Round "5"]
[White "Wagener, Nicolas"]
[Black "Heinz, Friedrich"]
[Result "0-1"]
[WhiteElo "1427"]
[BlackElo "1642"]
[PlyCount "64"]
[EventDate "2023.10.26"]
[EventType "swiss"]
[EventRounds "7"]
[EventCountry "GER"]
[SourceTitle "CB49_2023"]
[SourceDate "2023.12.06"]
[SourceVersion "1"]
[SourceVersionDate "2023.12.06"]
[SourceQuality "1"]

1. e4 d5 2. exd5 Qxd5 3. Nc3 Qa5 4. d4 c6 5. Bd2 Qb6 6. Nf3 Bg4 7. Bc4 e6 8. 0-0 Nf6 9. Re1 Bd6 10. a4 Bxf3 11. Qxf3 Qxd4 12. Ne4 Nxe4 13. Rxe4 Qxd2 14. Rd1 Bxh2+ 15. Kxh2 Qh6+ 16. Kg1 0-0 17. Rde1 Na6 18. Qc3 Nc7 19. Qb3 Rab8 20. Bxe6 Nxe6 21. Rxe6 fxe6 22. Rxe6 Qh5 23. Re8+ Kh8 24. Rxf8+ Rxf8 25. Qxb7 Qc5 26. c3 Qxf2+ 27. Kh1 Qc5 28. b4 Rf1+ 29. Kh2 Qh5+ 30. Kg3 Qe5+ 31. Kg4 h5+ 32. Kh4 Rh1# 0-1

[Event "Zirndorf Cup"]
[Site "Zirndorf"]
[Date "2017.09.02"]
[Round "6"]
[White "Heinz, Friedrich"]
[Black "Zeltner, Ottmar"]
[Result "0-1"]
[WhiteElo "1662"]
[BlackElo "1968"]
[PlyCount "105"]
[EventDate "2017.08.30"]
[EventType "swiss"]
[EventRounds "7"]
[EventCountry "GER"]
[SourceTitle "CBM 180 Extra"]
[Source "ChessBase"]
[SourceDate "2017.10.06"]
[SourceVersion "1"]
[SourceVersionDate "2017.10.06"]
[SourceQuality "1"]

1. e4 e5 2. Bc4 Nf6 3. Nc3 Nc6 4. a3 Nxe4 5. Nxe4 d5 6. Bd3 dxe4 7. Bxe4 Bc5 8. Bxc6+ bxc6 9. d3 0-0 10. Nf3 e4 11. Ng1 exd3 12. Be3 Bxe3 13. fxe3 Qg5 14. Kf2 Qf6+ 15. Nf3 Ba6 16. cxd3 Qxb2+ 17. Kg3 Qf6 18. d4 Qd6+ 19. Kf2 Rab8 20. Qc2 Rb6 21. Rhc1 Rfb8 22. Rab1 Qxa3 23. Ra1 Qd6 24. Ra2 Bc8 25. Kg1 a6 26. Ne5 Be6 27. Ra5 Rb2 28. Qxc6 Qb4 29. Rac5 Qd2 30. Qf3 Rb1 31. Qf1 Qxe3+ 32. Kh1 Rxc1 33. Rxc1 Qe4 34. Re1 Qd5 35. Qxa6 Qxd4 36. Nc6 Qd2 37. Qf1 Re8 38. Ne5 c5 39. Rd1 Qg5 40. Qb5 Qe7 41. Nc6 Qg5 42. Ne5 Rc8 43. Nf3 Qe7 44. Re1 h6 45. Ne5 Qc7 46. Nc4 Rb8 47. Qa6 g6 48. Kg1 Bxc4 49. Qxc4 Qd6 50. Rf1 Qd4+ 51. Qxd4 cxd4 52. Rd1 Rd8 53. Kf2 0-1

[Event "Bad Zwesten op 17th"]
[Site "Bad Zwesten"]
[Date "2017.01.05"]
[Round "6"]
[White "Heinz, Friedrich"]
[Black "Schweisgut, Jens"]
[Result "1/2-1/2"]
[WhiteElo "1660"]
[BlackElo "1752"]
[PlyCount "43"]
[EventDate "2017.01.02"]
[EventType "swiss"]
[EventRounds "7"]
[EventCountry "GER"]
[SourceTitle "CBM 176 Extra"]
[Source "ChessBase"]
[SourceDate "2017.03.02"]
[SourceVersion "1"]
[SourceVersionDate "2017.03.02"]
[SourceQuality "1"]

1. e4 c5 2. Nc3 Nc6 3. Nf3 g6 4. h4 h6 5. d4 cxd4 6. Nxd4 Bg7 7. Nce2 Nf6 8. f3 Nxd4 9. Qxd4 Nh5 10. Qd3 Qc7 11. Rh3 d6 12. g4 Nf6 13. Bd2 Nd7 14. 0-0-0 Nc5 15. Qa3 Bd7 16. Bc3 0-0 17. Bxg7 Kxg7 18. Nf4 Nxe4 19. fxe4 Bxg4 20. Rc3 Qd8 21. Be2 Bxe2 22. Nxe2 1/2-1/2

[Event "Bad Zwesten op 17th"]
[Site "Bad Zwesten"]
[Date "2017.01.04"]
[Round "4"]
[White "Schnegelberger, Leon"]
[Black "Heinz, Friedrich"]
[Result "1-0"]
[WhiteElo "1884"]
[BlackElo "1660"]
[PlyCount "33"]
[EventDate "2017.01.02"]
[EventType "swiss"]
[EventRounds "7"]
[EventCountry "GER"]
[SourceTitle "CBM 176 Extra"]
[Source "ChessBase"]
[SourceDate "2017.03.02"]
[SourceVersion "1"]
[SourceVersionDate "2017.03.02"]
[SourceQuality "1"]

1. d4 d5 2. c4 c6 3. Nc3 dxc4 4. a4 Nf6 5. Nf3 Bg4 6. Ne5 Bf5 7. f3 Nbd7 8. Nxc4 e6 9. e4 Bg6 10. Bg5 Be7 11. e5 Nh5 12. Nd6+ Kf8 13. Bxe7+ Qxe7 14. g3 f6 15. f4 Nb6 16. Be2 fxe5 17. dxe5 1-0

[Event "Goch op 27th"]
[Site "Goch"]
[Date "2016.09.03"]
[Round "5"]
[White "Heinz, Friedrich"]
[Black "Alonso, Jose Antonio"]
[Result "0-1"]
[WhiteElo "1687"]
[BlackElo "1906"]
[PlyCount "54"]
[EventDate "2016.09.01"]
[EventType "swiss"]
[EventRounds "7"]
[EventCountry "GER"]
[SourceTitle "EXT 2018"]
[Source "ChessBase"]
[SourceDate "2017.10.13"]
[SourceVersion "1"]
[SourceVersionDate "2017.10.13"]
[SourceQuality "1"]

1. e4 e5 2. Bc4 Bc5 3. c3 Qh4 4. Qe2 Nf6 5. Nf3 Qxe4 6. Qxe4 Nxe4 7. 0-0 Nc6 8. Bd5 Nf6 9. Bxc6 dxc6 10. Nxe5 0-0 11. d4 Bd6 12. h3 Re8 13. f4 Bf5 14. Nd2 c5 15. Ndf3 Be4 16. Ng5 Re7 17. Re1 Bd5 18. Bd2 c4 19. Rab1 h6 20. Ngf3 Ne4 21. b3 b5 22. bxc4 bxc4 23. Rb5 c6 24. Rbb1 Rae8 25. Kh2 Nxd2 26. Nxd2 f6 27. Ne4 Bxe4 0-1

[Event "Goch op 27th"]
[Site "Goch"]
[Date "2016.09.02"]
[Round "3"]
[White "Heinz, Friedrich"]
[Black "Bruil, Rembrandt"]
[Result "0-1"]
[WhiteElo "1687"]
[BlackElo "1925"]
[PlyCount "58"]
[EventDate "2016.09.01"]
[EventType "swiss"]
[EventRounds "7"]
[EventCountry "GER"]
[SourceTitle "EXT 2018"]
[Source "ChessBase"]
[SourceDate "2017.10.13"]
[SourceVersion "1"]
[SourceVersionDate "2017.10.13"]
[SourceQuality "1"]

1. e4 c5 2. Nf3 e6 3. d4 cxd4 4. Nxd4 Nf6 5. Nc3 d6 6. Bc4 Be7 7. Bb3 Nc6 8. Be3 0-0 9. h4 a6 10. h5 Nxd4 11. Qxd4 Ng4 12. Bd2 Bf6 13. Qd3 b5 14. g3 b4 15. Na4 a5 16. Qe2 Ne5 17. 0-0-0 Ba6 18. Qe3 Rc8 19. Kb1 Bb5 20. Bc1 Qe8 21. f4 Ng4 22. Qf3 Bxa4 23. Qxg4 Bd7 24. h6 g6 25. Rxd6 a4 26. Rhd1 axb3 27. axb3 Bb5 28. f5 exf5 29. exf5 Be2 0-1

[Event "Goch op 26th"]
[Site "Goch"]
[Date "2015.09.04"]
[Round "2"]
[White "Dietiker, Manuel"]
[Black "Heinz, Friedrich"]
[Result "1-0"]
[WhiteElo "1911"]
[BlackElo "1740"]
[PlyCount "28"]
[EventDate "2015.09.03"]
[EventType "swiss"]
[EventRounds "7"]
[EventCountry "GER"]
[SourceTitle "EXT 2018"]
[Source "ChessBase"]
[SourceDate "2017.10.13"]
[SourceVersion "1"]
[SourceVersionDate "2017.10.13"]
[SourceQuality "1"]

1. e4 d5 2. exd5 Qxd5 3. Nc3 Qa5 4. d4 Nf6 5. Bd2 c6 6. Nf3 Bg4 7. Bc4 Qb6 8. Bxf7+ Kxf7 9. Ne5+ Kg8 10. Nxg4 Qxd4 11. Nxf6+ exf6 12. Qe2 Kf7 13. 0-0-0 g6 14. Rhe1 Kg7 1-0

[Event "Goch op 25th"]
[Site "Goch"]
[Date "2014.09.07"]
[Round "7"]
[White "De Boer, Robert"]
[Black "Heinz, Friedrich"]
[Result "1-0"]
[WhiteElo "1969"]
[BlackElo "1776"]
[PlyCount "75"]
[EventDate "2014.09.04"]
[EventType "swiss"]
[EventRounds "7"]
[EventCountry "GER"]
[SourceTitle "EXT 2016"]
[Source "ChessBase"]
[SourceDate "2015.10.08"]
[SourceVersion "1"]
[SourceVersionDate "2015.10.08"]
[SourceQuality "1"]

1. e4 c5 2. c3 d6 3. d4 cxd4 4. cxd4 e6 5. Nf3 Nf6 6. Nc3 Be7 7. Bd3 0-0 8. 0-0 Nc6 9. Bg5 Qb6 10. e5 Nd7 11. Bxe7 Nxe7 12. Bxh7+ Kh8 13. Bd3 g6 14. Qd2 Kg7 15. Ne4 Nf5 16. Bb1 d5 17. Nc3 Qd8 18. Bxf5 gxf5 19. Rfc1 b6 20. Ne2 Ba6 21. Rc3 Bxe2 22. Qxe2 Rc8 23. Rac1 Rxc3 24. Rxc3 Rh8 25. Qd2 Nf8 26. Rc7 Ng6 27. Qc1 Nf4 28. Qc6 Kg6 29. g3 Nh3+ 30. Kg2 f4 31. Rd7 Qg8 32. Qc2+ f5 33. exf6+ Kxf6 34. Qe2 Rh5 35. Kh1 fxg3 36. fxg3 Qxg3 37. hxg3 Nf4+ 38. Qh2 1-0

[Event "Goch op 24th"]
[Site "Goch"]
[Date "2013.09.08"]
[Round "7"]
[White "Hoffmann, Michael4444"]
[Black "Heinz, Friedrich"]
[Result "1/2-1/2"]
[WhiteElo "1702"]
[BlackElo "1784"]
[PlyCount "81"]
[EventDate "2013.09.05"]
[EventType "swiss"]
[EventRounds "7"]
[EventCountry "GER"]
[SourceTitle "EXT 2015"]
[Source "ChessBase"]
[SourceDate "2014.11.20"]
[SourceVersion "1"]
[SourceVersionDate "2014.11.20"]
[SourceQuality "1"]

1. d4 d5 2. c4 c6 3. cxd5 cxd5 4. Nc3 Nf6 5. Bf4 a6 6. Nf3 Nc6 7. e3 Bg4 8. h3 Bh5 9. Be2 e6 10. Rc1 Bd6 11. Bxd6 Qxd6 12. 0-0 0-0 13. Na4 Rfe8 14. Nc5 Rab8 15. Re1 h6 16. Qa4 Rec8 17. a3 Nd7 18. Nxd7 Qxd7 19. b4 f6 20. Rc5 Ne5 21. Qxd7 Nxd7 22. Rcc1 Nb6 23. g4 Bg6 24. Nd2 Bc2 25. Bd1 Bd3 26. Bb3 Nc4 27. Nxc4 dxc4 28. Bc2 e5 29. dxe5 fxe5 30. e4 Rd8 31. Bxd3 cxd3 32. Red1 Rd4 33. Rc3 Rbd8 34. Rd2 b5 35. f3 Kf7 36. Kf2 Kf6 37. h4 Kg6 38. Ke3 Kf6 39. Rdxd3 Ke6 40. Ke2 R8d6 41. Ke3 1/2-1/2

[Event "Goch op 24th"]
[Site "Goch"]
[Date "2013.09.07"]
[Round "5"]
[White "Melde, Benjamin"]
[Black "Heinz, Friedrich"]
[Result "0-1"]
[WhiteElo "1256"]
[BlackElo "1784"]
[PlyCount "82"]
[EventDate "2013.09.05"]
[EventType "swiss"]
[EventRounds "7"]
[EventCountry "GER"]
[SourceTitle "EXT 2015"]
[Source "ChessBase"]
[SourceDate "2014.11.20"]
[SourceVersion "1"]
[SourceVersionDate "2014.11.20"]
[SourceQuality "1"]

1. e4 c5 2. c3 Nf6 3. d3 Nc6 4. Be3 d6 5. Be2 g6 6. Nf3 Bg7 7. Nbd2 0-0 8. h3 b5 9. 0-0 a6 10. Qb3 Be6 11. Qc2 b4 12. a3 bxc3 13. Qxc3 Nxe4 14. Qc2 Nxd2 15. Bxd2 Rb8 16. Rab1 Ba2 17. Rbe1 Rxb2 18. Qa4 Bd5 19. Bc1 Rb6 20. Bd2 e6 21. d4 Bb3 22. dxc5 Bxa4 23. cxb6 Qxb6 24. Rb1 Qa7 25. Be3 Qa8 26. Rb6 Bb5 27. Bxb5 axb5 28. Rxb5 Qxa3 29. Rc1 Ne5 30. Ng5 Nd3 31. Rd1 h6 32. Ne4 Qa4 33. Rxd3 Qxb5 34. Rd1 Qa4 35. Rxd6 Qxe4 36. Rb6 Be5 37. Rb5 Rd8 38. Kf1 Qc4+ 39. Ke1 Bc3+ 40. Bd2 Bxd2+ 41. Kd1 Bb4+ 0-1

[Event "Nuremberg LGA Cup 9th"]
[Site "Nuremberg"]
[Date "2012.09.09"]
[Round "6"]
[White "Heinz, Friedrich"]
[Black "Felser, Martin"]
[Result "0-1"]
[WhiteElo "1838"]
[BlackElo "1869"]
[PlyCount "70"]
[EventDate "2012.09.06"]
[EventType "swiss"]
[EventRounds "7"]
[EventCountry "GER"]
[SourceTitle "CBM 150 Extra"]
[Source "ChessBase"]
[SourceDate "2012.10.19"]
[SourceVersion "1"]
[SourceVersionDate "2012.10.19"]
[SourceQuality "1"]

1. e4 c5 2. Nf3 d6 3. d4 cxd4 4. Nxd4 Nf6 5. Nc3 a6 6. f3 e6 7. Bg5 Be7 8. Bc4 0-0 9. Bb3 Qc7 10. Qd2 Nc6 11. Nde2 Rd8 12. a3 b5 13. 0-0 Na5 14. Ba2 Nc4 15. Qc1 Qc5+ 16. Kh1 h6 17. Bh4 Bb7 18. Bf2 Qc7 19. b3 Ne5 20. Bd4 Nc6 21. Bf2 Rac8 22. b4 Ne5 23. Bb3 Nc4 24. a4 bxa4 25. Nxa4 d5 26. Bxc4 Qxc4 27. Bc5 Bxc5 28. Nxc5 Rxc5 29. bxc5 Qxe2 30. Rb1 Bc6 31. exd5 Rxd5 32. Re1 Qc4 33. Rb6 Rxc5 34. Qa1 Bb5 35. Rc1 Qc3 0-1

[Event "Nuremberg LGA Cup 8th"]
[Site "Nuremberg"]
[Date "2011.09.11"]
[Round "7"]
[White "Babichev, Vyacheslav"]
[Black "Heinz, Friedrich"]
[Result "0-1"]
[WhiteElo "1732"]
[BlackElo "1722"]
[PlyCount "120"]
[EventDate "2011.09.08"]
[EventType "swiss"]
[EventRounds "7"]
[EventCountry "GER"]
[SourceTitle "CBM 144 Extra"]
[Source "ChessBase"]
[SourceDate "2011.10.28"]
[SourceVersion "1"]
[SourceVersionDate "2011.10.28"]
[SourceQuality "1"]

1. b3 e5 2. Bb2 Nc6 3. e3 Nf6 4. Bb5 d6 5. Nf3 Bg4 6. 0-0 e4 7. h3 Bh5 8. g4 Nxg4 9. hxg4 Bxg4 10. Be2 exf3 11. Bxf3 Bh3 12. Bg2 Qg5 13. Qf3 Bxg2 14. Qxg2 Qxg2+ 15. Kxg2 0-0-0 16. a3 Be7 17. Rg1 f6 18. f4 g6 19. Nc3 Rdf8 20. Nd5 Bd8 21. Raf1 Nb8 22. Rf3 c6 23. Nc3 Nd7 24. Ne2 h6 25. Nd4 Rf7 26. Rg3 Nf8 27. Kf2 Rhh7 28. Ke2 Kd7 29. Nf3 g5 30. f5 h5 31. e4 h4 32. Rg4 Rh6 33. Rh1 Kc7 34. Ng1 Nd7 35. d4 c5 36. c3 b6 37. Nh3 Kb7 38. Kf3 Bc7 39. Nf2 Nb8 40. Nd3 Nc6 41. b4 c4 42. Nf2 Ne7 43. d5 b5 44. Rgg1 Bb6 45. a4 a6 46. Ra1 Rhh7 47. Ng4 Ng8 48. Bc1 Nh6 49. Be3 Nxg4 50. Bxb6 Ne5+ 51. Ke2 Kxb6 52. Kf2 Rfg7 53. axb5 axb5 54. Ra8 Ra7 55. Rb8+ Kc7 56. Rxb5 Ra2+ 57. Ke3 g4 58. Ra5 Rxa5 59. bxa5 Kb8 60. Rb1+ Rb7 0-1

[Event "Nuremberg LGA Cup 8th"]
[Site "Nuremberg"]
[Date "2011.09.09"]
[Round "2"]
[White "Karasek, Christian"]
[Black "Heinz, Friedrich"]
[Result "1-0"]
[WhiteElo "2038"]
[BlackElo "1722"]
[PlyCount "45"]
[EventDate "2011.09.08"]
[EventType "swiss"]
[EventRounds "7"]
[EventCountry "GER"]
[SourceTitle "CBM 144 Extra"]
[Source "ChessBase"]
[SourceDate "2011.10.28"]
[SourceVersion "1"]
[SourceVersionDate "2011.10.28"]
[SourceQuality "1"]

1. e4 c5 2. Nf3 Nc6 3. d4 cxd4 4. Nxd4 e5 5. Nb5 d6 6. c4 a6 7. N5a3 Nf6 8. Nc3 Be7 9. Be2 0-0 10. Nc2 Bd7 11. 0-0 h6 12. Kh1 Rc8 13. f3 Nh7 14. Nd5 Bg5 15. b4 f5 16. Ba3 Be6 17. b5 Nd4 18. Nxd4 exd4 19. Qxd4 Kh8 20. f4 Bf6 21. e5 dxe5 22. fxe5 Bxd5 23. cxd5 1-0

[Event "Nuremberg LGA Cup 7th"]
[Site "Nuremberg"]
[Date "2010.09.05"]
[Round "7"]
[White "Bonk, Andras"]
[Black "Heinz, Friedrich"]
[Result "1-0"]
[WhiteElo "1917"]
[BlackElo "1764"]
[PlyCount "58"]
[EventDate "2010.09.02"]
[EventType "swiss"]
[EventRounds "7"]
[EventCountry "GER"]
[SourceTitle "CBM 138 Extra"]
[Source "ChessBase"]
[SourceDate "2010.10.29"]
[SourceVersion "1"]
[SourceVersionDate "2010.10.29"]
[SourceQuality "1"]

1. e4 d5 2. exd5 Qxd5 3. Nc3 Qa5 4. d4 Nf6 5. Bd2 c6 6. Bc4 Bg4 7. Nf3 Qb6 8. Bxf7+ Kxf7 9. Ne5+ Kg8 10. Nxg4 Qxd4 11. Nxf6+ gxf6 12. Qe2 Nd7 13. Qe6+ Kg7 14. Be3 Qd6 15. Qg4+ Kf7 16. Rd1 Qe6 17. Qh5+ Kg8 18. 0-0 Ne5 19. h3 Qf7 20. Qh4 Qg6 21. f4 Nf7 22. f5 Qg7 23. Rf3 h6 24. Rg3 Ng5 25. Qd4 Qh7 26. h4 Qf7 27. hxg5 hxg5 28. Qe4 Rh4 29. Qe6 Kg7 1-0

[Event "Nuremberg LGA Cup 7th"]
[Site "Nuremberg"]
[Date "2010.09.04"]
[Round "5"]
[White "Sieber, Heiko"]
[Black "Heinz, Friedrich"]
[Result "1-0"]
[WhiteElo "2066"]
[BlackElo "1768"]
[PlyCount "73"]
[EventDate "2010.09.02"]
[EventType "swiss"]
[EventRounds "7"]
[EventCountry "GER"]
[SourceTitle "CBM 138 Extra"]
[Source "ChessBase"]
[SourceDate "2010.10.29"]
[SourceVersion "1"]
[SourceVersionDate "2010.10.29"]
[SourceQuality "1"]

1. d4 d5 2. Nf3 Nf6 3. c4 c6 4. cxd5 cxd5 5. Nc3 Bg4 6. Bf4 Nc6 7. e3 e6 8. Qa4 a6 9. Ne5 Qc8 10. Nxg4 Nxg4 11. Be2 Nf6 12. 0-0 Nd7 13. Rac1 Be7 14. e4 Nb6 15. Qd1 Qd8 16. exd5 Nxd5 17. Nxd5 Qxd5 18. Bf3 Qd7 19. d5 exd5 20. Bxd5 Rd8 21. Bxc6 bxc6 22. Qa4 0-0 23. Qxa6 Ra8 24. Qxc6 Qf5 25. g3 Rxa2 26. Rb1 Rc8 27. Qb7 Bf8 28. Ra1 Rxa1 29. Rxa1 h6 30. Ra8 Rxa8 31. Qxa8 Qc5 32. h4 Kh7 33. Qe8 Qe7 34. Qxe7 Bxe7 35. Bd2 h5 36. b4 Kg8 37. b5 1-0